Verified Software. Theories, Tools, and Experiments 9th International Conference, VSTTE 2017, Heidelberg, Germany, July 22-23, 2017, Revised Selected Papers /

This volume constitutes the thoroughly refereed post-conference proceedings of the 9th International Conference on Verified Software: Theories, Tools, and Experiments, VSTTE 2017, held in Heidelberg, Germany, in July 2017. The 12 full papers presented were carefully revised and selected from 20 subm...

Full description

Bibliographic Details
Corporate Author: SpringerLink (Online service)
Other Authors: Paskevich, Andrei (Editor), Wies, Thomas (Editor)
Format: Electronic eBook
Language:English
Published: Cham : Springer International Publishing : Imprint: Springer, 2017.
Series:Lecture Notes in Computer Science, 10712
Subjects:
Online Access:Full Text via HEAL-Link
LEADER 02637nam a22005535i 4500
001 978-3-319-72308-2
003 DE-He213
005 20171215004403.0
007 cr nn 008mamaa
008 171215s2017 gw | s |||| 0|eng d
020 |a 9783319723082  |9 978-3-319-72308-2 
024 7 |a 10.1007/978-3-319-72308-2  |2 doi 
040 |d GrThAP 
050 4 |a QA76.758 
072 7 |a UMZ  |2 bicssc 
072 7 |a COM051230  |2 bisacsh 
082 0 4 |a 005.1  |2 23 
245 1 0 |a Verified Software. Theories, Tools, and Experiments  |h [electronic resource] :  |b 9th International Conference, VSTTE 2017, Heidelberg, Germany, July 22-23, 2017, Revised Selected Papers /  |c edited by Andrei Paskevich, Thomas Wies. 
264 1 |a Cham :  |b Springer International Publishing :  |b Imprint: Springer,  |c 2017. 
300 |a XIII, 211 p. 69 illus.  |b online resource. 
336 |a text  |b txt  |2 rdacontent 
337 |a computer  |b c  |2 rdamedia 
338 |a online resource  |b cr  |2 rdacarrier 
347 |a text file  |b PDF  |2 rda 
490 1 |a Lecture Notes in Computer Science,  |x 0302-9743 ;  |v 10712 
520 |a This volume constitutes the thoroughly refereed post-conference proceedings of the 9th International Conference on Verified Software: Theories, Tools, and Experiments, VSTTE 2017, held in Heidelberg, Germany, in July 2017. The 12 full papers presented were carefully revised and selected from 20 submissions. The papers describe large-scale verification efforts that involve collaboration, theory unification, tool integration, and formalized domain knowledge as well as novel experiments and case studies evaluating verification techniques and technologies. 
650 0 |a Computer science. 
650 0 |a Software engineering. 
650 0 |a Programming languages (Electronic computers). 
650 0 |a Computers. 
650 0 |a Artificial intelligence. 
650 0 |a Computer simulation. 
650 1 4 |a Computer Science. 
650 2 4 |a Software Engineering. 
650 2 4 |a Theory of Computation. 
650 2 4 |a Programming Languages, Compilers, Interpreters. 
650 2 4 |a Simulation and Modeling. 
650 2 4 |a Artificial Intelligence (incl. Robotics). 
650 2 4 |a The Computing Profession. 
700 1 |a Paskevich, Andrei.  |e editor. 
700 1 |a Wies, Thomas.  |e editor. 
710 2 |a SpringerLink (Online service) 
773 0 |t Springer eBooks 
776 0 8 |i Printed edition:  |z 9783319723075 
830 0 |a Lecture Notes in Computer Science,  |x 0302-9743 ;  |v 10712 
856 4 0 |u http://dx.doi.org/10.1007/978-3-319-72308-2  |z Full Text via HEAL-Link 
912 |a ZDB-2-SCS 
912 |a ZDB-2-LNC 
950 |a Computer Science (Springer-11645)